000 00324nam a2200121Ia 4500
008 230907s9999||||xx |||||||||||||| ||und||
082 _a621.312
_bMIC
100 _aYang, Bin
_9114798
245 0 _aMicro and nano energy harvesting technologies
260 _aArtech house
_bLondon
_c2015
300 _axii, p.291
942 _cBK
999 _c596766
_d596766